| 000 | 01069nam a22003617i 4500 | ||
|---|---|---|---|
| 001 | B-11950 | ||
| 003 | CO-BoFNCP | ||
| 007 | t|| | ||
| 008 | 090612s2009 a f z d | ||
| 040 |
_aCO-BoFNCP _bspa _cCO-BoFNCP _erda |
||
| 041 | _aeng | ||
| 043 | _agw | ||
| 084 | _aA- | ||
| 110 | 2 |
_aISTA Mielke GmbH. _939850 |
|
| 245 | 1 | 0 |
_aStatistics : _bWhite country section. European Union. |
| 264 | 1 |
_aHamburg : _bISTA Mielke GmbH, _c2009. |
|
| 300 |
_apáginas 1-142 : _bTablas, gráficos. |
||
| 336 |
_atexto _btxt _2rdacontent |
||
| 337 |
_asin mediación _bn _2rdamedia |
||
| 338 |
_avolumen _bnc _2rdacarrier |
||
| 500 | _aGlobal analysis. All major oilseeds, oils and oilmeals. Supply, demand and prices. | ||
| 505 | 8 | _aChapter 1. Oilseeds | |
| 505 | 8 | _aChapter 2. Oils and fats | |
| 505 | 8 | _aChapter 3. Oilmeals | |
| 505 | 8 | _aStatistics | |
| 650 | 0 |
_aAceites. _9268 |
|
| 650 | 0 |
_aSemilla. _924383 |
|
| 650 | 0 |
_aEstadísticas. _99923 |
|
| 773 | 0 |
_aOil World Annual 2009 _gVolumen 1 _wA- |
|
| 942 |
_2z _c1 |
||
| 999 |
_c26540 _d26540 |
||
| 999 | _z1 | ||